|
|
|
|
| LEADER |
008520000a22002410004500 |
| 020 |
|
|
|a 978-1-84334-079-8
|
| 082 |
|
|
|a 658.403 8 P4
|
| 100 |
|
|
|a Brown, Daniel; Author
|
| 245 |
|
|
|a Mastering information retrieval and probabilistic decision intelligence technology
|
| 250 |
|
|
|
| 260 |
|
|
|a Oxford, Chandos Publishing
|e 2004
|
| 260 |
|
|
|c 2004
|
| 460 |
|
|
|a xvi, 150p
|
| 465 |
|
|
|a GBP39.00
|
| 490 |
|
|
|a Chandos information professional series
|
| 500 |
|
|
|a Daniel Brown
|
| 500 |
|
|
|a Includes bibliographical references and index
|
| 650 |
|
|
|a Information resource management
|
| 650 |
|
|
|a Information retrieval- Management
|
| 650 |
|
|
|a Management information system
|
| 942 |
|
|
|c BK
|
| 999 |
|
|
|c 48641
|d 48641
|
| 952 |
|
|
|0 0
|1 0
|4 0
|6 658_403000000000000_8_P4
|7 0
|8 ENG
|9 49373
|a MGUL
|b MGUL
|d 2013-07-16
|e GBP39.00
|l 0
|o 658.403 8 P4
|p 46825
|r 2013-07-16
|w 2013-07-16
|y BK
|